[Event "Montigny le Bretonneux Noel op 15th"]
[Site "Montigny le Bretonneux"]
[Date "2012.12.31"]
[Round "7"]
[White "Bouvier, Clement"]
[Black "Baron, Anthony"]
[Result "1/2-1/2"]
[WhiteElo "1910"]
[BlackElo "1814"]
[PlyCount "68"]
[EventDate "2012.12.26"]
[EventType "swiss"]
[EventRounds "7"]
[EventCountry "FRA"]
[SourceTitle "CBM 152 Extra"]
[Source "ChessBase"]
[SourceDate "2013.02.25"]
[SourceVersion "1"]
[SourceVersionDate "2013.02.25"]
[SourceQuality "1"]

1. e4 c5 2. d4 cxd4 3. c3 Nf6 4. e5 Nd5 5. cxd4 d6 6. Nf3 Nc6 7. Bd2 g6 8. Nc3 dxe5 9. dxe5 Bg7 10. Bb5 0-0 11. Bxc6 bxc6 12. 0-0 Bg4 13. Qe2 Nb4 14. Bg5 h6 15. Bh4 g5 16. Bg3 Qd3 17. Qe4 Qxe4 18. Nxe4 Bxf3 19. gxf3 Nd3 20. h4 Nxe5 21. Bxe5 Bxe5 22. hxg5 hxg5 23. Rac1 Bxb2 24. Rxc6 f6 25. Rc7 Ba3 26. Rd1 Rfc8 27. Rb7 a5 28. Rd3 Bc5 29. Nxc5 Rxc5 30. Rxe7 Rc1+ 31. Kg2 Rc6 32. Rdd7 a4 33. Rg7+ Kf8 34. Rh7 Kg8 1/2-1/2

[Event "Nogent le Retrou op"]
[Site "Nogent le Retrou "]
[Date "2005.03.27"]
[Round "4"]
[White "Binois, Rudy"]
[Black "Baron, Anthony"]
[Result "1-0"]
[WhiteElo "1820"]
[BlackElo "1310"]
[PlyCount "89"]
[EventDate "2005.03.25"]
[EventType "swiss"]
[EventRounds "9"]
[EventCountry "FRA"]
[SourceTitle "EXT 2007"]
[Source "ChessBase"]
[SourceDate "2006.11.23"]
[SourceVersion "1"]
[SourceVersionDate "2006.11.23"]
[SourceQuality "1"]

1. c4 c5 2. Nc3 b6 3. Nf3 Nf6 4. d4 cxd4 5. Nxd4 e5 6. Nf3 Nc6 7. Bg5 Be7 8. g3 Bb7 9. Bg2 h6 10. Bd2 d5 11. cxd5 Nxd5 12. 0-0 Nxc3 13. Bxc3 Qxd1 14. Raxd1 f6 15. Nh4 Rd8 16. Nf5 Rg8 17. Rxd8+ Kxd8 18. Rd1+ Kc7 19. Bxc6 Bxc6 20. Nxe7 Re8 21. Nxc6 Kxc6 22. e4 a5 23. Rd5 Re7 24. a4 Rd7 25. Rxd7 Kxd7 26. b4 b5 27. axb5 a4 28. Kf1 Kc7 29. Ke2 Kb6 30. Kd2 Kxb5 31. Kc2 Kc4 32. f4 exf4 33. gxf4 h5 34. h4 a3 35. e5 fxe5 36. fxe5 Kd5 37. Kb3 Kc6 38. Kxa3 g5 39. Be1 g4 40. Bg3 Kd7 41. Kb3 Ke6 42. Kc4 Kd7 43. Kd5 Kc7 44. e6+ Kd8 45. Kd6 1-0